000 00312nam a22001337a 4500
008 180127b xxu||||| |||| 00| 0 eng d
020 _a0801605865
041 _aeng
080 _a615.7
100 _a6
101 _aANE
245 _aAnesthesia and Perioperative Complications
_cBenumof, J.L
942 _2udc
_cBK
999 _c41097
_d41097